Score 0/10 Timer 02:00
11 Plays Today
% Correct
California
94.2%
Texas
90.3%
Massachusetts
82%
Louisiana
74.1%
Pennsylvania
73%
Missouri
71.6%
Washington
71.3%
Illinois
68.7%
Indiana
58.5%
Maryland
50.2%
Remove Ads.
Support Sporcle.
Get the best of Sporcle when you Go Orange. This ad-free experience offers more features, more stats, and more fun while also helping to support Sporcle. Thank you for becoming a member.

You're not logged in!

Compare scores with friends on all Sporcle quizzes.
OR
Log In

Show Comments

Extras

Top Quizzes Today


Score Distribution

Your Account Isn't Verified!

In order to create a playlist on Sporcle, you need to verify the email address you used during registration. Go to your Sporcle Settings to finish the process.

Report this User

Report this user for behavior that violates our Community Guidelines.

Details: